| 000 -LEADER |
| fixed length control field |
00764cam a2200277 i 4500 |
| 001 - CONTROL NUMBER |
| control field |
17481647 |
| 005 - DATE AND TIME OF LATEST TRANSACTION |
| control field |
20180314082619.0 |
| 008 - FIXED-LENGTH DATA ELEMENTS--GENERAL INFORMATION |
| fixed length control field |
121002s2011 njua 000 0 eng |
| 010 ## - LIBRARY OF CONGRESS CONTROL NUMBER |
| LC control number |
2012419701 |
| 020 ## - INTERNATIONAL STANDARD BOOK NUMBER |
| International Standard Book Number |
9781256127550 (hdbk.) |
| 020 ## - INTERNATIONAL STANDARD BOOK NUMBER |
| International Standard Book Number |
1256127558 (hdbk.) |
| 040 ## - CATALOGING SOURCE |
| Original cataloging agency |
DLC |
| Language of cataloging |
eng |
| Description conventions |
rda |
| Transcribing agency |
DLC |
| Modifying agency |
DLC |
| 041 ## - LANGUAGE CODE |
| Language code of text/sound track or separate title |
eng |
| 042 ## - AUTHENTICATION CODE |
| Authentication code |
pcc |
| 043 ## - GEOGRAPHIC AREA CODE |
| Geographic area code |
n-us-nc |
| 080 ## - UNIVERSAL DECIMAL CLASSIFICATION NUMBER |
| Universal Decimal Classification number |
512 car |
| 082 00 - DEWEY DECIMAL CLASSIFICATION NUMBER |
| Classification number |
512 car |
| Edition number |
23 |
| 100 ## - Rafti |
| Rafti |
36 |
| 101 ## - Shkurtesa |
| Shkurtesa |
mat |
| 245 00 - TITLE STATEMENT |
| Title |
Algebra : |
| 246 14 - VARYING FORM OF TITLE |
| Title proper/short title |
North Carolina algebra 1 |
| 246 13 - VARYING FORM OF TITLE |
| Title proper/short title |
Algebra 1 |
| 906 ## - LOCAL DATA ELEMENT F, LDF (RLIN) |
| a |
7 |
| b |
cbc |
| c |
orignew |
| d |
2 |
| e |
ncip |
| f |
20 |
| g |
y-gencatlg |
| 942 ## - ADDED ENTRY ELEMENTS (KOHA) |
| Source of classification or shelving scheme |
|
| Item type |
Books |